Sąsiedzi sąsiadów Burkiny Faso. - Statystyki

Ogólne statystyki
  • Ten quiz został rozwiązany 21 razy
  • Średni wynik to 7 z 8
Statystyki odpowiedzi
Odpowiedź % Poprawnych
2. Czad
94%
4. Liberia
88%
7. Nigeria
88%
8. Senegal
88%
1. Algieria
82%
3. Gwinea
82%
6. Mauretania
82%
5. Libia
76%
Nie znaleziono quizów pasujących do podanych kryteriów
Rozkład punktacji
Procent ludzi z każdym wynikiem
Percentyl według liczby udzielonych odpowiedzi
Twoja historia wyników
Nie rozwiązałeś tego quizu